000 00529nam a22001577a 4500
003 OSt
005 20151027162612.0
008 151027b xxu||||| |||| 00| 0 eng d
040 _cRUA
082 _aVTF HEN 2002 B112 Or.1
100 _92988
_aHENG VIRITH
245 _aUtilisation des tourteaux de mungo dans l'aliment concentre pour la croissance des canards sampouv a la station experimentale de l'universite royale d'agriculture,
260 _aPhnom Penh
_bRua
_c2002
300 _av; 37p.
_bill.
_c29cm.
942 _2ddc
_cVTF`
999 _c2803
_d2803